The method of functionals in the quantum theory of fields /

Bibliographic Details
Main Author: Novozhilov, I͡U. V. (I͡Uriĭ Viktorovich)
Other Authors: Tulub, A. V.
Format: Book
Language:English
Russian
Published: New York : Gordon and Breach, [1961]
Series:Russian tracts on advanced mathematics and physics ; v. 5.
Subjects:

MARC

Tag First Indicator Second Indicator Subfields
LEADER 00000cam a2200000 4500
001 in00000047298
005 20151007071416.0
008 750422s1961 nyu b 00010 eng u
010 |a  61018833  
035 |a (OCoLC)01293750 
035 |9 AAE5916AM 
040 |c GAT  |d TXA  |d UtOrBLW 
041 1 |a eng  |a rus 
049 |a TXAM  |c [340432] 
050 0 0 |a QC174.5  |b .N6 
082 0 |a 530.12 
092 |a 530.12  |b N945m, 1961 
100 1 |a Novozhilov, I͡U. V.  |q (I͡Uriĭ Viktorovich) 
245 1 4 |a The method of functionals in the quantum theory of fields /  |c by Yu. V. Novozhilov and A. V. Tulub. With an introductory article, Equations with variational derivatives in problems of statistical physics and of quantum field theory, by N. N. Bogolyubov. 
264 1 |a New York :  |b Gordon and Breach,  |c [1961] 
300 |a 79 pages ;  |c 23 cm. 
336 |a text  |b txt  |2 rdacontent 
337 |a unmediated  |b n  |2 rdamedia 
338 |a volume  |b nc  |2 rdacarrier 
490 1 |a Russian tracts on advanced mathematics and physics ;  |v v. 5 
504 |a Includes bibliography. 
650 0 |a Quantum field theory. 
650 0 |a Functional analysis. 
700 1 |a Tulub, A. V. 
830 0 |a Russian tracts on advanced mathematics and physics ;  |v v. 5. 
999 |a MARS 
999 f f |s b7430d75-d39d-3ac2-9c3e-2368db587f22  |i 2a07b986-9d21-3030-b9e8-e79cf2112bba  |t 0 
952 f f |p normal  |a Texas A&M University  |b College Station  |c Sterling C. Evans Library  |d Evans: Library Stacks  |t 0  |e QC174.5 .N6  |h Library of Congress classification  |i unmediated -- volume  |m A14800910090 
998 f f |a QC174.5 .N6  |t 0  |l Evans: Library Stacks